Automotive wiring and electrical systems

With this book in hand, you will be able to assemble, design, and build single- and multi-function circuits and harnesses, troubleshoot and repair existing circuits, and install aftermarket systems and electronics.

Αποθηκεύτηκε σε:
Λεπτομέρειες βιβλιογραφικής εγγραφής
Κύριος συγγραφέας: Candela, Tony
Μορφή: Βιβλίο
Γλώσσα:Vietnamese
Έκδοση: Forest Lake CarTech 2009
Θέματα:
Ετικέτες: Προσθήκη ετικέτας
Δεν υπάρχουν, Καταχωρήστε ετικέτα πρώτοι!
Thư viện lưu trữ: Thư viện Trường Đại học Nam Cần Thơ
LEADER 00928nam a22001937a 4500
001 NCT_65114
008 190808b xxu||||| |||| 00| 0 vie d
999 |c 3154  |d 3154 
020 |a 9781932494877  |c 1282500 
082 0 4 |2 23rd ed.  |a 629.254  |b C218 
100 1 |a Candela, Tony 
245 1 0 |a Automotive wiring and electrical systems  |c Tony Candela 
260 |a Forest Lake  |b CarTech  |c 2009 
300 |a 144 p.  |b ill.  |c 28cm 
520 3 |a With this book in hand, you will be able to assemble, design, and build single- and multi-function circuits and harnesses, troubleshoot and repair existing circuits, and install aftermarket systems and electronics. 
653 |a Công nghệ kỹ thuật ô tô 
942 |2 ddc  |c BK 
952 |0 0  |1 0  |2 ddc  |4 0  |6 629_254000000000000_C218  |7 0  |9 17018  |a 000001  |b 000001  |d 2019-08-08  |o 629.254 C218  |p MD.16024  |r 2019-08-08  |v 999999.99  |w 2019-08-08  |y BK 
980 |a Thư viện Trường Đại học Nam Cần Thơ